| 000 | 00486nam a2200181Ia 4500 | ||
|---|---|---|---|
| 003 | GCL | ||
| 008 | 140319s9999 xx 000 0 ara d | ||
| 040 |
_aGCL / _cGCL |
||
| 082 | 0 | 4 |
_a243 _bح ر |
| 100 | 1 | _aحسن ايوب | |
| 245 | 1 | 0 |
_aرحلة الخلود / _cحسن ايوب |
| 260 |
_a[S.N] : _bدار التراث العربى للطباعة والنشر ، _c1986 |
||
| 300 | _a271 ص | ||
| 490 | _a | ||
| 650 | 0 | 4 | _aالموت |
| 650 | 0 | 4 | _aالخلود |
| 942 |
_2ddc _cBK |
||
| 999 |
_c54376 _d54376 |
||